[Event "European Online Club-ch-E 2021"]
[Site "Online"]
[Date "2021.03.27"]
[Round "6.17"]
[White "Mikhalevski, Victor"]
[Black "Chatalbashev, Boris"]
[Result "1-0"]
[WhiteElo "2552"]
[BlackElo "2530"]
[Annotator "ChessBase"]
[PlyCount "129"]
[EventDate "2021.03.27"]
[EventType "team-tourn"]
[EventCountry "NET"]
[SourceTitle "playchess.com"]
[Source "ChessBase"]
[SourceQuality "1"]
[TimeControl "900+5"]

1. d4 {[%emt 0:00:00]} Nf6 {[%emt 0:00:02]} 2. Nf3 {[%emt 0:00:03]} g6 {[%emt 0:00:05]} 3. g3 {[%emt 0:00:04]} Bg7 {[%emt 0:00:02]} 4. Bg2 {[%emt 0:00:03]} d5 {[%emt 0:00:02]} 5. O-O {[%emt 0:00:10]} O-O {[%emt 0:00:02]} 6. c4 {[%emt 0:00:03]} c6 {[%emt 0:00:02]} 7. Qb3 {[%emt 0:00:09]} a5 {[%emt 0:00:02]} 8. cxd5 {[%emt 0:00:04]} a4 {[%emt 0:00:03]} 9. Qd1 {[%emt 0:00:03]} cxd5 {[%emt 0:00:05]} 10. Nc3 {[%emt 0:00:02]} Qa5 {[%emt 0:00:13]} 11. Ne5 {[%emt 0:01:05]} Nc6 {[%emt 0:00:22]} 12. Bd2 {[%emt 0:00:48]} Nxd4 {[%emt 0:01:33]} 13. e3 {[%emt 0:00:15]} Nc6 {[%emt 0:01:13]} 14. Nxd5 {[%emt 0:00:10]} Qd8 {[%emt 0:00:02]} 15. Nxc6 {[%emt 0:00:22]} bxc6 {[%emt 0:00:04]} 16. Nb4 {[%emt 0:00:42]} Bg4 {[%emt 0:01:03]} 17. Nxc6 {[%emt 0:00:11]} Qd6 {[%emt 0:02:48]} 18. Qe1 {[%emt 0:01:06]} Rae8 {[%emt 0:00:47]} 19. Bb4 {[%emt 0:00:17]} Qe6 {[%emt 0:00:21]} 20. Nd4 {[%emt 0:03:39]} Qc4 {[%emt 0:00:02]} 21. b3 {[%emt 0:00:34]} Qa6 {[%emt 0:00:44]} 22. Rc1 {[%emt 0:00:27]} axb3 {[%emt 0:00:17]} 23. axb3 {[%emt 0:00:02]} e5 {[%emt 0:01:12]} 24. Nc6 {[%emt 0:01:03]} e4 {[%emt 0:00:30]} 25. Qd2 {[%emt 0:00:39]} Be2 {[%emt 0:00:48]} 26. Rfe1 {[%emt 0:00:33]} Bd3 {[%emt 0:00:04]} 27. Bxf8 {[%emt 0:00:15]} Bxf8 {[%emt 0:00:10]} 28. Bf1 {[%emt 0:00:24]} Rc8 {[%emt 0:01:31]} 29. Nd4 {[%emt 0:00:10]} Rb8 {[%emt 0:00:12]} 30. Bxd3 {[%emt 0:00:12]} exd3 {[%emt 0:00:40]} 31. Red1 {[%emt 0:00:20]} Ng4 {[%emt 0:00:39]} 32. Qxd3 {[%emt 0:00:07]} Qf6 {[%emt 0:00:05]} 33. Qe2 {[%emt 0:00:13]} h5 {[%emt 0:00:04]} 34. Rc6 {[%emt 0:00:16]} Qe5 {[%emt 0:00:05]} 35. Rdc1 {[%emt 0:00:15]} Kg7 {[%emt 0:00:13]} 36. h3 {[%emt 0:00:47]} Nf6 {[%emt 0:00:11]} 37. Qf3 {[%emt 0:00:05]} h4 {[%emt 0:00:13]} 38. Qf4 {[%emt 0:00:06]} Re8 {[%emt 0:00:13]} 39. Qxe5 {[%emt 0:00:09]} Rxe5 {[%emt 0:00:03]} 40. g4 {[%emt 0:00:06]} Nd5 {[%emt 0:00:04]} 41. Ra1 {[%emt 0:00:36]} Nb4 {[%emt 0:00:05]} 42. Rc4 {[%emt 0:00:15]} Nd3 {[%emt 0:00:06]} 43. Rc3 {[%emt 0:00:12]} Nc5 {[%emt 0:00:10]} 44. Ra7 {[%emt 0:00:06]} Ne4 {[%emt 0:00:26]} 45. Rc6 {[%emt 0:00:13]} Bc5 {[%emt 0:00:13]} 46. Rd7 {[%emt 0:00:27]} Ng5 {[%emt 0:00:14]} 47. Kg2 {[%emt 0:00:06]} Bxd4 {[%emt 0:00:14]} 48. Rxd4 {[%emt 0:00:03]} Rb5 {[%emt 0:00:03]} 49. b4 {[%emt 0:00:04]} Ne6 {[%emt 0:00:01]} 50. Re4 {[%emt 0:00:06]} Kf6 {[%emt 0:00:02]} 51. Rc8 {[%emt 0:00:11]} g5 {[%emt 0:00:01]} 52. Ra8 {[%emt 0:00:05]} Rb6 {[%emt 0:00:05]} 53. Ra5 {[%emt 0:00:03]} Kg6 {[%emt 0:00:04]} 54. Rd5 {[%emt 0:00:08]} Kf6 {[%emt 0:00:03]} 55. b5 {[%emt 0:00:03]} Rb7 {[%emt 0:00:09]} 56. Rc4 {[%emt 0:00:06]} Ke7 {[%emt 0:00:02]} 57. Rc6 {[%emt 0:00:04]} Rb8 {[%emt 0:00:07]} 58. b6 {[%emt 0:00:03]} Nd8 {[%emt 0:00:04]} 59. Rc7+ {[%emt 0:00:09]} Ke6 {[%emt 0:00:02]} 60. Rxg5 {[%emt 0:00:05]} Rxb6 {[%emt 0:00:04]} 61. Rh5 {[%emt 0:00:03]} Kd6 {[%emt 0:00:07]} 62. Ra7 {[%emt 0:00:03]} f6 {[%emt 0:00:08]} 63. Rxh4 {[%emt 0:00:05]} Ne6 {[%emt 0:00:04]} 64. Rh6 {[%emt 0:00:03]} Ke5 {[%emt 0:00:08]} 65. Ra5+ {[%emt 0:00:02]} 1-0

[Event "European Online Club-ch-E 2021"]
[Site "Online"]
[Date "2021.03.27"]
[Round "6.18"]
[White "Moreno Trujillo, Alejandro"]
[Black "Postny, Evgeny"]
[Result "1-0"]
[WhiteElo "2483"]
[BlackElo "2605"]
[Annotator "ChessBase"]
[PlyCount "191"]
[EventDate "2021.03.27"]
[EventType "team-tourn"]
[EventCountry "NET"]
[SourceTitle "playchess.com"]
[Source "ChessBase"]
[SourceQuality "1"]
[TimeControl "900+5"]

1. d4 {[%emt 0:00:00]} d5 {[%emt 0:00:04]} 2. Bf4 {[%emt 0:00:05]} Nf6 {[%emt 0:00:07]} 3. e3 {[%emt 0:00:03]} Bg4 {[%emt 0:00:03]} 4. Nf3 {[%emt 0:00:19]} e6 {[%emt 0:00:07]} 5. Nbd2 {[%emt 0:00:08]} Nbd7 {[%emt 0:00:27]} 6. h3 {[%emt 0:00:06]} Bh5 {[%emt 0:00:05]} 7. Bd3 {[%emt 0:00:09]} Be7 {[%emt 0:00:32]} 8. Qe2 {[%emt 0:00:33]} c5 {[%emt 0:00:22]} 9. c3 {[%emt 0:00:05]} O-O {[%emt 0:00:26]} 10. g4 {[%emt 0:00:52]} Bg6 {[%emt 0:00:04]} 11. Bxg6 {[%emt 0:00:03]} hxg6 {[%emt 0:00:04]} 12. Ne5 {[%emt 0:00:03]} Nxe5 {[%emt 0:00:15]} 13. dxe5 {[%emt 0:00:16]} Nd7 {[%emt 0:00:24]} 14. Nf3 {[%emt 0:00:37]} c4 {[%emt 0:01:51]} 15. h4 {[%emt 0:01:07]} Nc5 {[%emt 0:00:05]} 16. Kf1 {[%emt 0:00:03]} Nd3 {[%emt 0:00:40]} 17. Bg3 {[%emt 0:00:13]} Qb6 {[%emt 0:00:24]} 18. Rb1 {[%emt 0:00:06]} Rfc8 {[%emt 0:03:03]} 19. Kg2 {[%emt 0:00:26]} Kf8 {[%emt 0:00:16]} 20. Nd4 {[%emt 0:00:30]} Bc5 {[%emt 0:00:59]} 21. h5 {[%emt 0:00:22]} gxh5 {[%emt 0:01:36]} 22. Rxh5 {[%emt 0:00:22]} Ke7 {[%emt 0:00:04]} 23. Qf3 {[%emt 0:02:22]} Rg8 {[%emt 0:00:14]} 24. Qe2 {[%emt 0:01:58]} Raf8 {[%emt 0:00:48]} 25. b3 {[%emt 0:00:16]} Bxd4 {[%emt 0:00:40]} 26. exd4 {[%emt 0:00:13]} Kd7 {[%emt 0:00:21]} 27. Rhh1 {[%emt 0:00:39]} Qc6 {[%emt 0:00:10]} 28. Qf3 {[%emt 0:00:25]} b6 {[%emt 0:00:35]} 29. a4 {[%emt 0:00:04]} f6 {[%emt 0:00:08]} 30. Rh7 {[%emt 0:01:14]} f5 {[%emt 0:01:17]} 31. gxf5 {[%emt 0:01:28]} Rxf5 {[%emt 0:00:07]} 32. Qg4 {[%emt 0:00:06]} Kc8 {[%emt 0:00:28]} 33. a5 {[%emt 0:01:47]} Qb7 {[%emt 0:00:30]} 34. axb6 {[%emt 0:00:06]} axb6 {[%emt 0:00:02]} 35. b4 {[%emt 0:00:06]} Qf7 {[%emt 0:00:10]} 36. f3 {[%emt 0:00:25]} Kb7 {[%emt 0:00:05]} 37. Ra1 {[%emt 0:00:03]} Kc6 {[%emt 0:00:10]} 38. Ra2 {[%emt 0:00:14]} Nf4+ {[%emt 0:00:08]} 39. Bxf4 {[%emt 0:00:03]} Rxf4 {[%emt 0:00:01]} 40. Qg3 {[%emt 0:00:01]} Rf5 {[%emt 0:00:10]} 41. Rh1 {[%emt 0:00:05]} Rf8 {[%emt 0:00:12]} 42. Rf1 {[%emt 0:00:06]} Qh5 {[%emt 0:00:05]} 43. f4 {[%emt 0:00:14]} Kb5 {[%emt 0:00:04]} 44. Raf2 {[%emt 0:00:04]} g5 {[%emt 0:00:09]} 45. fxg5 {[%emt 0:00:04]} Rxg5 {[%emt 0:00:02]} 46. Rxf8 {[%emt 0:00:02]} Rxg3+ {[%emt 0:00:02]} 47. Kxg3 {[%emt 0:00:01]} Qg5+ {[%emt 0:00:02]} 48. Kh3 {[%emt 0:00:01]} Qh6+ {[%emt 0:00:05]} 49. Kg3 {[%emt 0:00:02]} Qg6+ {[%emt 0:00:05]} 50. Kh3 {[%emt 0:00:01]} Ka4 {[%emt 0:00:03]} 51. R1f3 {[%emt 0:00:03]} Qh6+ {[%emt 0:00:04]} 52. Kg3 {[%emt 0:00:02]} Qg5+ {[%emt 0:00:01]} 53. Kh3 {[%emt 0:00:02]} Qh5+ {[%emt 0:00:05]} 54. Kg2 {[%emt 0:00:02]} Qg4+ {[%emt 0:00:03]} 55. Rg3 {[%emt 0:00:05]} Qe4+ {[%emt 0:00:03]} 56. Rff3 {[%emt 0:00:03]} Kb3 {[%emt 0:00:04]} 57. Kh3 {[%emt 0:00:03]} Qh7+ {[%emt 0:00:06]} 58. Kg2 {[%emt 0:00:03]} Qe4 {[%emt 0:00:03]} 59. Kh2 {[%emt 0:00:04]} Qe2+ {[%emt 0:00:05]} 60. Kh3 {[%emt 0:00:04]} Qe4 {[%emt 0:00:03]} 61. Rf6 {[%emt 0:00:04]} Qh1+ {[%emt 0:00:13]} 62. Kg4 {[%emt 0:00:02]} Qe4+ {[%emt 0:00:04]} 63. Kg5 {[%emt 0:00:14]} Qe1 {[%emt 0:00:03]} 64. Rgf3 {[%emt 0:00:03]} Qg1+ {[%emt 0:00:11]} 65. Kh6 {[%emt 0:00:02]} Qg4 {[%emt 0:00:03]} 66. R6f4 {[%emt 0:00:13]} Qg1 {[%emt 0:00:09]} 67. Kh5 {[%emt 0:00:13]} Qg2 {[%emt 0:00:03]} 68. Rf6 {[%emt 0:00:07]} b5 {[%emt 0:00:06]} 69. Kh4 {[%emt 0:00:07]} Qg8 {[%emt 0:00:09]} 70. Rg3 {[%emt 0:00:21]} Qh7+ {[%emt 0:00:02]} 71. Kg4 {[%emt 0:00:02]} Qe4+ {[%emt 0:00:03]} 72. Kh3 {[%emt 0:00:02]} Qh1+ {[%emt 0:00:04]} 73. Kg4 {[%emt 0:00:02]} Qe4+ {[%emt 0:00:02]} 74. Kg5 {[%emt 0:00:04]} Qe1 {[%emt 0:00:06]} 75. Rff3 {[%emt 0:00:04]} Qh1 {[%emt 0:00:11]} 76. Kf6 {[%emt 0:00:03]} Qh6+ {[%emt 0:00:02]} 77. Ke7 {[%emt 0:00:01]} Kc2 {[%emt 0:00:05]} 78. Kd6 {[%emt 0:00:03]} Kb3 {[%emt 0:00:04]} 79. Rf6 {[%emt 0:00:04]} Qh4 {[%emt 0:00:09]} 80. Rfg6 {[%emt 0:00:07]} Qd8+ {[%emt 0:00:12]} 81. Kxe6 {[%emt 0:00:03]} Kc2 {[%emt 0:00:01]} 82. Kf5 {[%emt 0:00:06]} Qf8+ {[%emt 0:00:04]} 83. Rf6 {[%emt 0:00:05]} Qh8 {[%emt 0:00:02]} 84. Rfg6 {[%emt 0:00:07]} Qf8+ {[%emt 0:00:07]} 85. Ke6 {[%emt 0:00:03]} Qa8 {[%emt 0:00:07]} 86. Rg8 {[%emt 0:00:09]} Qc6+ {[%emt 0:00:04]} 87. Kf5 {[%emt 0:00:02]} Qh6 {[%emt 0:00:06]} 88. e6 {[%emt 0:00:03]} Qh5+ {[%emt 0:00:02]} 89. Kf6 {[%emt 0:00:02]} Qh4+ {[%emt 0:00:04]} 90. Ke5 {[%emt 0:00:02]} Qh5+ {[%emt 0:00:01]} 91. Kd6 {[%emt 0:00:03]} Qh6 {[%emt 0:00:04]} 92. Kd7 {[%emt 0:00:05]} Qh7+ {[%emt 0:00:07]} 93. e7 {[%emt 0:00:07]} Qf5+ {[%emt 0:00:02]} 94. Kd8 {[%emt 0:00:03]} Qf6 {[%emt 0:00:01]} 95. R8g6 {[%emt 0:00:04]} Qh4 {[%emt 0:00:03]} 96. R3g4 {[%emt 0:00:03]} 1-0

[Event "European Online Club-ch-E 2021"]
[Site "Online"]
[Date "2021.03.27"]
[Round "6.20"]
[White "Garrido Dominguez, Jesus"]
[Black "Huzman, Alexander"]
[Result "0-1"]
[WhiteElo "2413"]
[BlackElo "2561"]
[Annotator "ChessBase"]
[PlyCount "48"]
[EventDate "2021.03.27"]
[EventType "team-tourn"]
[EventCountry "NET"]
[SourceTitle "playchess.com"]
[Source "ChessBase"]
[SourceQuality "1"]
[TimeControl "900+5"]

1. e4 {[%emt 0:00:00]} e6 {[%emt 0:00:04]} 2. d4 {[%emt 0:00:05]} d5 {[%emt 0:00:03]} 3. Nd2 {[%emt 0:00:03]} c5 {[%emt 0:00:03]} 4. exd5 {[%emt 0:00:11]} Qxd5 {[%emt 0:00:07]} 5. Ngf3 {[%emt 0:00:02]} cxd4 {[%emt 0:00:04]} 6. Bc4 {[%emt 0:00:03]} Qd6 {[%emt 0:00:03]} 7. O-O {[%emt 0:00:05]} Nf6 {[%emt 0:00:06]} 8. Nb3 {[%emt 0:00:04]} Nc6 {[%emt 0:00:03]} 9. Nbxd4 {[%emt 0:00:02]} Nxd4 {[%emt 0:00:03]} 10. Qxd4 {[%emt 0:00:02]} Qxd4 {[%emt 0:00:04]} 11. Nxd4 {[%emt 0:00:02]} Bd7 {[%emt 0:00:02]} 12. Re1 {[%emt 0:00:26]} Rc8 {[%emt 0:00:26]} 13. Bb3 {[%emt 0:00:12]} Bc5 {[%emt 0:01:08]} 14. c3 {[%emt 0:00:51]} Bxd4 {[%emt 0:01:14]} 15. cxd4 {[%emt 0:00:06]} Bc6 {[%emt 0:00:01]} 16. Bf4 {[%emt 0:00:04]} Nd5 {[%emt 0:00:12]} 17. Bd6 {[%emt 0:00:09]} Kd7 {[%emt 0:00:03]} 18. Be5 {[%emt 0:00:20]} f6 {[%emt 0:00:15]} 19. Bg3 {[%emt 0:00:03]} Rhe8 {[%emt 0:00:38]} 20. a3 {[%emt 0:00:10]} Nb6 {[%emt 0:00:10]} 21. Rac1 {[%emt 0:01:03]} Bd5 {[%emt 0:00:03]} 22. Bc2 {[%emt 0:00:04]} h6 {[%emt 0:01:37]} 23. Bg6 {[%emt 0:00:12]} Rf8 {[%emt 0:00:06]} 24. Rc4 {[%emt 0:00:57]} Nxc4 {[%emt 0:00:04]} 0-1

[Event "European Online Club-ch-E 2021"]
[Site "Online"]
[Date "2021.03.27"]
[Round "7.1"]
[White "Chatalbashev, Boris"]
[Black "Coursaget, Nicolas"]
[Result "1-0"]
[WhiteElo "2530"]
[BlackElo "2192"]
[Annotator "ChessBase"]
[PlyCount "35"]
[EventDate "2021.03.27"]
[EventType "team-tourn"]
[EventCountry "NET"]
[SourceTitle "playchess.com"]
[Source "ChessBase"]
[SourceQuality "1"]
[TimeControl "900+5"]

1. d4 {[%emt 0:00:00]} d5 {[%emt 0:00:29]} 2. c4 {[%emt 0:00:03]} c6 {[%emt 0:00:03]} 3. Nf3 {[%emt 0:00:03]} Nf6 {[%emt 0:00:04]} 4. g3 {[%emt 0:00:03]} Bf5 {[%emt 0:00:09]} 5. Nc3 {[%emt 0:00:04]} e6 {[%emt 0:00:03]} 6. Nh4 {[%emt 0:00:08]} Bg4 {[%emt 0:00:02]} 7. h3 {[%emt 0:00:05]} Bh5 {[%emt 0:00:02]} 8. Qb3 {[%emt 0:00:06]} Qb6 {[%emt 0:00:05]} 9. c5 {[%emt 0:00:04]} Qxb3 {[%emt 0:00:17]} 10. axb3 {[%emt 0:00:04]} Nbd7 {[%emt 0:00:02]} 11. b4 {[%emt 0:00:33]} e5 {[%emt 0:00:08]} 12. dxe5 {[%emt 0:00:14]} Nxe5 {[%emt 0:00:04]} 13. g4 {[%emt 0:00:12]} Bg6 {[%emt 0:00:02]} 14. f4 {[%emt 0:00:04]} Nexg4 {[%emt 0:01:59]} 15. hxg4 {[%emt 0:00:06]} Nxg4 {[%emt 0:00:02]} 16. f5 {[%emt 0:00:51]} Bh5 {[%emt 0:00:03]} 17. Ng2 {[%emt 0:00:15]} Nf6 {[%emt 0:00:07]} 18. Bg5 {[%emt 0:00:17]} 1-0

[Event "European Online Club-ch-E 2021"]
[Site "Online"]
[Date "2021.03.27"]
[Round "7.2"]
[White "Helie, Marc"]
[Black "Moreno Trujillo, Alejandro"]
[Result "1/2-1/2"]
[WhiteElo "2083"]
[BlackElo "2483"]
[Annotator "ChessBase"]
[PlyCount "137"]
[EventDate "2021.03.27"]
[EventType "team-tourn"]
[EventCountry "NET"]
[SourceTitle "playchess.com"]
[Source "ChessBase"]
[SourceQuality "1"]
[TimeControl "900+5"]

1. d4 {[%emt 0:00:00]} d5 {[%emt 0:00:09]} 2. Nf3 {[%emt 0:00:05]} Nf6 {[%emt 0:00:04]} 3. c4 {[%emt 0:00:09]} c6 {[%emt 0:00:03]} 4. Nc3 {[%emt 0:00:04]} e6 {[%emt 0:00:06]} 5. Bg5 {[%emt 0:00:04]} h6 {[%emt 0:00:10]} 6. Bh4 {[%emt 0:00:19]} Nbd7 {[%emt 0:00:15]} 7. e3 {[%emt 0:00:10]} Bb4 {[%emt 0:00:04]} 8. Qc2 {[%emt 0:00:12]} Qa5 {[%emt 0:00:11]} 9. Nd2 {[%emt 0:00:34]} Ne4 {[%emt 0:03:27]} 10. Ndxe4 {[%emt 0:01:12]} dxe4 {[%emt 0:00:04]} 11. Be2 {[%emt 0:00:09]} O-O {[%emt 0:00:18]} 12. O-O {[%emt 0:00:06]} f5 {[%emt 0:00:21]} 13. f3 {[%emt 0:01:10]} exf3 {[%emt 0:00:10]} 14. Rxf3 {[%emt 0:00:41]} Nf6 {[%emt 0:00:08]} 15. Raf1 {[%emt 0:00:47]} e5 {[%emt 0:01:46]} 16. c5 {[%emt 0:01:38]} Bxc3 {[%emt 0:00:59]} 17. bxc3 {[%emt 0:00:42]} e4 {[%emt 0:02:30]} 18. R3f2 {[%emt 0:00:57]} Be6 {[%emt 0:02:01]} 19. c4 {[%emt 0:00:32]} Qa3 {[%emt 0:00:21]} 20. Qd2 {[%emt 0:00:52]} b6 {[%emt 0:00:28]} 21. Bxf6 {[%emt 0:01:30]} Rxf6 {[%emt 0:00:05]} 22. d5 {[%emt 0:00:03]} Rd8 {[%emt 0:00:23]} 23. cxb6 {[%emt 0:00:07]} axb6 {[%emt 0:00:04]} 24. g4 {[%emt 0:01:26]} cxd5 {[%emt 0:00:36]} 25. gxf5 {[%emt 0:00:07]} Bf7 {[%emt 0:00:02]} 26. Rb1 {[%emt 0:00:33]} Qe7 {[%emt 0:00:28]} 27. cxd5 {[%emt 0:00:37]} Rxd5 {[%emt 0:00:06]} 28. Qc3 {[%emt 0:00:13]} Kh7 {[%emt 0:00:17]} 29. Rbf1 {[%emt 0:00:16]} Qc5 {[%emt 0:00:07]} 30. Qxc5 {[%emt 0:00:04]} Rxc5 {[%emt 0:00:03]} 31. Bg4 {[%emt 0:00:08]} Rc3 {[%emt 0:00:09]} 32. Re1 {[%emt 0:00:05]} Bc4 {[%emt 0:00:15]} 33. Rb1 {[%emt 0:00:14]} Rxe3 {[%emt 0:00:16]} 34. Rfb2 {[%emt 0:00:05]} b5 {[%emt 0:00:03]} 35. Rb4 {[%emt 0:00:07]} Ra3 {[%emt 0:00:04]} 36. R1b2 {[%emt 0:00:07]} e3 {[%emt 0:00:10]} 37. Bf3 {[%emt 0:00:18]} h5 {[%emt 0:00:06]} 38. Be2 {[%emt 0:00:18]} Bxe2 {[%emt 0:00:06]} 39. Rxe2 {[%emt 0:00:02]} Rxf5 {[%emt 0:00:02]} 40. Re4 {[%emt 0:00:04]} Rf2 {[%emt 0:00:44]} 41. R4xe3 {[%emt 0:00:12]} Rxe2 {[%emt 0:00:02]} 42. Rxe2 {[%emt 0:00:05]} g6 {[%emt 0:00:05]} 43. Rb2 {[%emt 0:00:03]} Ra5 {[%emt 0:00:02]} 44. Kg2 {[%emt 0:00:03]} Kg7 {[%emt 0:00:02]} 45. Kg3 {[%emt 0:00:05]} Kf6 {[%emt 0:00:02]} 46. h3 {[%emt 0:00:05]} Ke5 {[%emt 0:00:03]} 47. Kh4 {[%emt 0:00:05]} Kd4 {[%emt 0:00:09]} 48. Kg5 {[%emt 0:00:03]} Kc3 {[%emt 0:00:01]} 49. Rg2 {[%emt 0:00:05]} Ra6 {[%emt 0:00:10]} 50. h4 {[%emt 0:00:02]} b4 {[%emt 0:00:02]} 51. Kh6 {[%emt 0:00:05]} Kc4 {[%emt 0:00:12]} 52. Rxg6 {[%emt 0:00:03]} Rxa2 {[%emt 0:00:04]} 53. Kxh5 {[%emt 0:00:05]} Ra5+ {[%emt 0:00:01]} 54. Kh6 {[%emt 0:00:18]} b3 {[%emt 0:00:03]} 55. Rg4+ {[%emt 0:00:03]} Kc3 {[%emt 0:00:03]} 56. Rg3+ {[%emt 0:00:03]} Kb4 {[%emt 0:00:03]} 57. Rxb3+ {[%emt 0:00:02]} Kxb3 {[%emt 0:00:01]} 58. h5 {[%emt 0:00:02]} Kc4 {[%emt 0:00:05]} 59. Kg6 {[%emt 0:00:03]} Kd5 {[%emt 0:00:11]} 60. h6 {[%emt 0:00:02]} Ra6+ {[%emt 0:00:02]} 61. Kg7 {[%emt 0:00:02]} Ra7+ {[%emt 0:00:02]} 62. Kg8 {[%emt 0:00:03]} Ra8+ {[%emt 0:00:43]} 63. Kg7 {[%emt 0:00:03]} Ra7+ {[%emt 0:00:01]} 64. Kg8 {[%emt 0:00:03]} Ke6 {[%emt 0:00:02]} 65. h7 {[%emt 0:00:04]} Ra8+ {[%emt 0:00:05]} 66. Kg7 {[%emt 0:00:03]} Ra7+ {[%emt 0:00:01]} 67. Kg8 {[%emt 0:00:02]} Ra8+ {[%emt 0:00:07]} 68. Kg7 {[%emt 0:00:03]} Ra7+ {[%emt 0:00:02]} 69. Kg8 {[%emt 0:00:02]} 1/2-1/2

[Event "European Online Club-ch-E 2021"]
[Site "Online"]
[Date "2021.03.27"]
[Round "7.3"]
[White "Garrido Dominguez, Jesus"]
[Black "Lejeune, Gael"]
[Result "1/2-1/2"]
[WhiteElo "2413"]
[BlackElo "2070"]
[Annotator "NA"]
[PlyCount "144"]
[EventDate "2021.03.27"]
[EventType "team-tourn"]
[EventCountry "NET"]
[SourceTitle "playchess.com"]
[Source "ChessBase"]
[SourceQuality "1"]
[TimeControl "900+5"]

1. e4 {[%emt 0:00:00]} d5 {[%emt 0:00:03]} 2. exd5 {[%emt 0:00:03]} Qxd5 {[%emt 0:00:00]} 3. Nc3 {[%emt 0:00:02]} Qd8 {[%emt 0:00:02]} 4. Bc4 {[%emt 0:00:01]} Nf6 {[%emt 0:00:02]} 5. d3 {[%emt 0:00:01]} Bf5 {[%emt 0:00:32]} 6. Nge2 {[%emt 0:00:04]} e6 {[%emt 0:00:02]} 7. Ng3 {[%emt 0:00:12]} Bg6 {[%emt 0:00:03]} 8. O-O {[%emt 0:00:02]} Be7 {[%emt 0:00:10]} 9. f4 {[%emt 0:00:02]} c6 {[%emt 0:00:04]} 10. f5 {[%emt 0:00:02]} exf5 {[%emt 0:00:04]} 11. Nxf5 {[%emt 0:00:02]} Bxf5 {[%emt 0:00:04]} 12. Rxf5 {[%emt 0:00:02]} Nbd7 {[%emt 0:00:06]} 13. Qf3 {[%emt 0:00:08]} O-O {[%emt 0:01:16]} 14. a4 {[%emt 0:00:12]} g6 {[%emt 0:00:20]} 15. Rf4 {[%emt 0:00:03]} Ne5 {[%emt 0:00:05]} 16. Qf2 {[%emt 0:00:14]} Nxc4 {[%emt 0:00:02]} 17. Rxc4 {[%emt 0:00:02]} Nd5 {[%emt 0:00:14]} 18. Bh6 {[%emt 0:00:03]} Re8 {[%emt 0:00:07]} 19. Rf1 {[%emt 0:00:03]} f5 {[%emt 0:00:08]} 20. Qg3 {[%emt 0:00:53]} Nxc3 {[%emt 0:00:24]} 21. bxc3 {[%emt 0:00:15]} Bd6 {[%emt 0:00:12]} 22. Qh3 {[%emt 0:00:10]} Qb6+ {[%emt 0:00:17]} 23. Kh1 {[%emt 0:00:03]} Re2 {[%emt 0:00:17]} 24. Rd4 {[%emt 0:00:25]} Be5 {[%emt 0:00:15]} 25. Rd7 {[%emt 0:00:05]} Qf2 {[%emt 0:00:13]} 26. g3 {[%emt 0:01:06]} Re1 {[%emt 0:00:06]} 27. Rxe1 {[%emt 0:00:01]} Qxe1+ {[%emt 0:00:01]} 28. Kg2 {[%emt 0:00:01]} Qe2+ {[%emt 0:00:04]} 29. Kg1 {[%emt 0:00:03]} Qxc2 {[%emt 0:00:43]} 30. d4 {[%emt 0:00:50]} Bf6 {[%emt 0:00:19]} 31. Be3 {[%emt 0:01:24]} Qd1+ {[%emt 0:00:55]} 32. Qf1 {[%emt 0:00:03]} Qxf1+ {[%emt 0:00:03]} 33. Kxf1 {[%emt 0:00:03]} Re8 {[%emt 0:00:03]} 34. Bh6 {[%emt 0:00:13]} Re7 {[%emt 0:00:12]} 35. Rd8+ {[%emt 0:00:39]} Kf7 {[%emt 0:00:03]} 36. Rb8 {[%emt 0:00:08]} c5 {[%emt 0:01:34]} 37. dxc5 {[%emt 0:00:33]} Bxc3 {[%emt 0:00:06]} 38. Bf4 {[%emt 0:00:03]} Bd4 {[%emt 0:00:40]} 39. Bd6 {[%emt 0:00:10]} Rd7 {[%emt 0:00:03]} 40. Ke2 {[%emt 0:01:34]} Ke6 {[%emt 0:00:03]} 41. Bf8 {[%emt 0:00:21]} Kd5 {[%emt 0:00:09]} 42. Rc8 {[%emt 0:00:03]} g5 {[%emt 0:00:34]} 43. Kf3 {[%emt 0:00:05]} h5 {[%emt 0:02:20]} 44. Bd6 {[%emt 0:00:46]} Rf7 {[%emt 0:01:20]} 45. h4 {[%emt 0:00:30]} gxh4 {[%emt 0:00:11]} 46. gxh4 {[%emt 0:00:01]} Be5 {[%emt 0:00:12]} 47. Bxe5 {[%emt 0:00:29]} Kxe5 {[%emt 0:00:00]} 48. c6 {[%emt 0:00:02]} bxc6 {[%emt 0:00:02]} 49. Rxc6 {[%emt 0:00:03]} Rb7 {[%emt 0:00:12]} 50. Rc5+ {[%emt 0:00:02]} Kf6 {[%emt 0:00:05]} 51. Rc6+ {[%emt 0:00:01]} Ke5 {[%emt 0:00:02]} 52. Rc5+ {[%emt 0:00:03]} Kf6 {[%emt 0:00:01]} 53. Ra5 {[%emt 0:00:42]} Rb3+ {[%emt 0:00:05]} 54. Kf2 {[%emt 0:00:04]} Rb2+ {[%emt 0:00:05]} 55. Kf3 {[%emt 0:00:04]} Rb3+ {[%emt 0:00:02]} 56. Ke2 {[%emt 0:00:21]} Rh3 {[%emt 0:00:05]} 57. Rxa7 {[%emt 0:00:01]} Rxh4 {[%emt 0:00:02]} 58. a5 {[%emt 0:00:04]} Rh3 {[%emt 0:00:04]} 59. a6 {[%emt 0:00:03]} Kg5 {[%emt 0:00:03]} 60. Rh7 {[%emt 0:01:05]} Ra3 {[%emt 0:00:04]} 61. a7 {[%emt 0:00:02]} Kg4 {[%emt 0:00:02]} 62. Kf2 {[%emt 0:00:04]} h4 {[%emt 0:00:03]} 63. Kg2 {[%emt 0:00:04]} Ra2+ {[%emt 0:00:04]} 64. Kg1 {[%emt 0:00:05]} f4 {[%emt 0:00:05]} 65. Rg7+ {[%emt 0:00:03]} Kf3 {[%emt 0:00:04]} 66. Rh7 {[%emt 0:00:02]} Kg3 {[%emt 0:00:01]} 67. Rg7+ {[%emt 0:00:01]} Kf3 {[%emt 0:00:20]} 68. Kh1 {[%emt 0:00:04]} h3 {[%emt 0:00:03]} 69. Rh7 {[%emt 0:00:08]} Kg3 {[%emt 0:00:04]} 70. Rg7+ {[%emt 0:00:02]} Kf3 {[%emt 0:00:02]} 71. Rh7 {[%emt 0:00:01]} Kg3 {[%emt 0:00:02]} 72. Rg7+ {[%emt 0:00:01]} Kf3 {[%emt 0:00:02]} 1/2-1/2